000 00235nam a22000857a 4500
008 160816b xxu||||| |||| 00| 0 eng d
100 _9140
_aSahoo R
245 _aInformatics Practices-XII
260 _aNew Delhi
_bRachna Sagar publication
_c2000
999 _c2795
_d2795